MARC

LEADER 00000nam0a2200000 4500
001 293118
005 20231102000549.0
020 |a RU  |b 83-48254 
035 |a (RuTPU)RU\TPU\book\317993 
035 |a RU\TPU\book\317992 
090 |a 293118 
100 |a 20150428d1983 km y0rusy5003 ca 
101 0 |a rus 
102 |a RU 
105 |a y z 000zy 
200 1 |a Наш путь и далек и долог...  |f Г. И. Свиридов, О. А. Саракташ 
210 |a Москва  |c Политиздат  |d 1983 
215 |a 254 с.  |c ил. 
225 1 |a Повести о делах и людях партии 
606 1 |a Оловорудные месторождения  |x Поиски и разведка  |2 stltpush  |3 (RuTPU)RU\TPU\subj\46985  |9 66056 
610 1 |a геологические очерки 
610 1 |a геологические открытия 
610 1 |a оловянные руды 
610 1 |a геологические экспедиции 
610 1 |a Восточная Сибирь 
610 1 |a Приамурье 
610 1 |a геологи 
610 1 |a история 
610 1 |a 20 век 
675 |a 553.45:550.8  |v 3 
700 1 |a Свиридов  |b Г. И.  |g Георгий Иванович 
701 1 |a Саракташ  |b О. А.  |g Ольга Александровна 
801 0 |a RU  |b RuMRKP  |c 19950704  |g psbo 
801 1 |a RU  |b 63413507  |c 20150428 
801 2 |a RU  |b 63413507  |c 20180503  |g RCR 
942 |c BK